Výchovno-vzdelávacie činnosti detí a mládeže

Bibliographic Details
Format: Article
Language:Slovak
ISSN:0231-6463
Subjects:

MARC

LEADER 00000nab a2200000 a 4500
001 vtls010066272
003 SK-MaSNL
005 20260304183724.0
008 250708c2010 xo mr|p|||| |000 b|slo
015 |a SNBRB2010/02 
035 |a (uuid)c26d354e-090d-410b-abcd-e856aaad7c70 
035 |a urn:nbn:sk:snk-ab1c53 
035 |a (urnnbn)urn:nbn:sk:snk:ar-001xq4 
038 |a SPK 
040 |a SNKBUCL  |b slo  |c SNKBUCL  |e AACR2 
041 0 |a slo 
044 |a xo  |c SK 
072 7 |a 371  |x Školstvo (organizácia)  |2 konspekt 
072 7 |a 613  |x Hygiena. Ľudské zdravie  |2 konspekt 
080 |a 371.3  |2 2001 
080 |a 613  |2 2001 
245 0 0 |a Výchovno-vzdelávacie činnosti detí a mládeže  |c zo zdrojov Úradu verejného zdravotníctva SR 
650 0 7 |a výchovno-vzdelávacia činnosť  |2 snkbucl  |9 569376 
650 0 7 |a deti a mládež  |2 snkbucl  |9 774 
650 0 7 |a ochrana zdravia  |2 snkbucl  |9 1135 
650 0 7 |a riziká  |2 snkbucl  |9 393865 
650 0 7 |a organizácia vyučovania  |2 snkbucl  |9 71440 
650 0 7 |a vyučovacia hodina  |2 snkbucl  |9 71298 
650 0 7 |a rozvrhy hodín  |2 snkbucl  |9 108733 
773 0 |t Rodina a škola  |g Roč. 58, č. 1 (2010), s. 7  |x 0231-6463 
850 |a Slovenská národná knižnica 
852 |a Slovenská národná knižnica 
954 |a odborná, vedecká literatúra pôvodná (slovenská)  |2 lita 
958 |a article27 
958 |a OND 
958 |a EUIPO 
999 |c 3035619  |d 3037549